000
00342nam a2200157 4500
008
190521s2005||||CZ d
100
1
_a
Jordánová Zdenka
_9
1111
245
1
0
_a
Poznej svuj cíl
260
_b
Vodnár
_a
Praha
_c
2005
250
_a
1.vydanie
300
_a
169s.
020
_c
0
041
1
_a
cze
044
_a
CZ
958
_a
A
999
_c
22405
_d
22405